• 首页
  • 本馆介绍
  • 公告通知
  • 最新文献
  • 馆藏检索
  • 电子资源
  • 读者导购
  • 参考咨询
  • 我的图书馆
  • 登录
  • 详细信息显示
  • 放入我的书架
  • 预约/预借图书
  • 作者相关作品
  • 分类相关作品
  • 丛书相关作品
  • 出版社相关作品

书目信息

  • 表格格式
  • 工作单格式
  • 卡片格式
题名:
卡耐基成功智慧大全
    
 
作者: 汪建民 编著
分册:  
出版信息: 北京   北京工业大学出版社  2010
页数: 271页
开本: 24cm
丛书名:
单 册:
中图分类: B848.4
科图分类:
主题词: 成功心理--通俗读物
电子资源:
ISBN: 978-7-5639-2536-0
000 00894nam0 2200241 45
001 1133504609
005 20110411170347.67
010    @a978-7-5639-2536-0@dCNY30.00
100    @a20110406d2010 em y0chiy50 ea
101 0  @achi
102    @aCN@b110000
105    @ay z 000yy
106    @ar
200 1  @a卡耐基成功智慧大全@AKa Nai Ji Cheng Gong Zhi Hui Da Quan@f汪建民编著@FWang Jian Min Bian Zhu
210    @a北京@c北京工业大学出版社@d2010
215    @a271页@d24cm
300    @a卡耐基励志经典
330    @a本书通过简洁明了的语言,结合生动具体的事例阐释卡耐基的成功智慧,告知读者该如何在社交活动中与人和谐相处,并有效地影响他人;如何做个受欢迎的人,赢得人们的关注和青睐;如何赢得别人的赞同,避免不必要的摩擦等。
606 0  @a成功心理@j通俗读物
690    @aB848.4@v4
701  0 @a汪建民@AWang Jian Min@4编著
801  0 @aCN@bTANGWEI@c20110411
905    @b0533870-74@dB848.4@e1036@f5
    
    卡耐基成功智慧大全/汪建民编著.-北京:北京工业大学出版社,2010
    271页;24cm
    卡耐基励志经典
    
    ISBN 978-7-5639-2536-0:CNY30.00
    本书通过简洁明了的语言,结合生动具体的事例阐释卡耐基的成功智慧,告知读者该如何在社交活动中与人和谐相处,并有效地影响他人;如何做个受欢迎的人,赢得人们的关注和青睐;如何赢得别人的赞同,避免不必要的摩擦等。
●
相关链接 在E读中查询图书 在五车中查询图书 在当当中查询图书 在豆瓣中查询图书


正题名:卡耐基成功智慧大全     索取号:B848.4/1036         预约/预借

序号 登录号 条形码 馆藏地/架位号 状态 备注
1 0533870   205338703   第一样本阅览室/ [索取号:B848.4/1036] 在馆    
2 0533871   205338712   第一借阅区/ [索取号:B848.4/1036] 在馆    
3 0533872   205338721   第一借阅区/ [索取号:B848.4/1036] 在馆    
4 0533873   205338730   第一借阅区/ [索取号:B848.4/1036] 在馆    
5 0533874   205338749   第一借阅区/ [索取号:B848.4/1036] 在馆    
唐山师范学院图书馆 欢迎您!
大连网信软件有限公司© 版权所有